000 00820nam a2200217Ii 4500
003 JO-AjNU
008 230605s9999||||xx |||||||||||||| ||und||
017 _a2003/17221
020 _a977-01-8873-5
040 _aJO-AjNU
_bara
_erda
_cJO-AjNU
041 _aara
050 1 4 _aPJ7515.K856 2003
100 3 _aالكومي، محمد شبل ؛ تقديم محمد عناني,
_eauthor
_916037
245 0 0 _aالنظريات الأدبية: دراسة في الأدب المصري المعاصر
264 3 1 _aالقاهرة: الهيئة المصرية العامة للكتاب، 2003
300 _a396ص
336 _atext
_btxt
_2rdacontent
337 _aunmediated
_bn
_2rdamedia
338 _avolume
_bnc
_2rdacarrier
650 4 _aالأدب العربي - نظيات - دراسات - الأدب المصري
_916038
999 _aA4665
_c8233
_d8233